000 00446nam a22001697a 4500
999 _c20819
_d20819
003 BDDh-ASL
005 20231015025935.0
008 210114s1967 pk ||||| |||| 00| 0 eng d
040 _cBDDh-ASL
082 _a297.8
_bABQ
100 1 _92575
_aNadwi, S. Abul Hasan Ali
245 1 0 _aQadianism:
_bA Critical Study /
260 _aLahore:
_bSh. Muhammad Ashraf,
_c1967.
300 _a139 p.:
_c21 cm.
650 0 _91652
_aIslam
942 _2ddc
_cBK